| 000 | 00568nam a2200181 a 4500 | ||
|---|---|---|---|
| 001 | 000037361 | ||
| 005 | 20200930080322.0 | ||
| 008 | 120328s1974 xxua r 001 0 spa d | ||
| 020 | _a0063854562 | ||
| 040 |
_aDO-SdBNP _beng _cBNPHU |
||
| 082 |
_axxxx _bxxxx |
||
| 100 | 1 |
_aLeroy Miller, Roger _963826 |
|
| 245 | 1 | 0 |
_aAmerican economic life : _byesterday and today / _cRoger Leroy Miller. |
| 260 |
_aSan Francisco, California : _bCanfield press, _c1974. |
||
| 300 |
_a281 p. : _bil. ; _c24 cm. |
||
| 504 | _aBibliografía : p. 275-276. | ||
| 590 | _aInventariado, 2019/BT | ||
| 999 |
_c36851 _d36851 |
||